000 00309nam a2200133Ia 4500
100 _aKUMBHOJKAR/G.V.
942 _cBK
654 _aPartial fractions
245 _aCOMPANION TO APPLIED MATHEMATICS.
260 _bPHADAKE PRAKASHAN
_aKolhapur
_c2007
082 _a510/KUM
300 _a250
546 _aENGLISH
999 _c24765
_d24765